Library Logo

Pioneer International University Library Catalogue

DISABILITY (Record no. 9641)

MARC details
000 -LEADER
fixed length control field 00416nam a22001457a 4500
003 - CONTROL NUMBER IDENTIFIER
control field OSt
005 - DATE AND TIME OF LATEST TRANSACTION
control field 20251021071339.0
008 - FIXED-LENGTH DATA ELEMENTS--GENERAL INFORMATION
fixed length control field 251021b |||||||| |||| 00| 0 eng d
020 ## - INTERNATIONAL STANDARD BOOK NUMBER
International Standard Book Number 9781408230770
040 ## - CATALOGING SOURCE
Transcribing agency PEARSON EDUCATION LTD
050 ## - LIBRARY OF CONGRESS CALL NUMBER
Classification number HV 1568 .K76 2009
245 ## - TITLE STATEMENT
Title DISABILITY
Remainder of title 10 THINGS YOU SHOULD KNOW ABOUT
Statement of responsibility, etc. KRONE, BRIDGET
260 ## - PUBLICATION, DISTRIBUTION, ETC.
Place of publication, distribution, etc. EDINBURGH GATE
Name of publisher, distributor, etc. PEARSON EDUCATION LTD
Date of publication, distribution, etc. 2009
942 ## - ADDED ENTRY ELEMENTS (KOHA)
Source of classification or shelving scheme Library of Congress Classification
Koha item type Books
Suppress in OPAC No

No items available.